Statistics for Mal's 20 National Capitals by Population

Click here to take the quiz!

General Stats

  • This quiz has been taken 53 times
  • The average score is 10 of 20

Answer Stats

Hint Answer % Correct
CBeijing
95%
JTokyo
93%
INew Delhi
88%
RMoscow
84%
IJakarta
77%
VHanoi
60%
S++Seoul
56%
U++London
56%
ECairo
56%
MMexico City
49%
ITehran
44%
TBangkok
40%
CBogota
40%
PLima
37%
IBaghdad
35%
BDhaka
33%
TAnkara
30%
S++Riyadh
16%
SSingapore
14%
CSantiago
7%

Score Distribution

Percentile by Number Answered

Percent of People with Each Score

Your Score History

You have not taken this quiz